000
00290nam a2200121Ia 4500
008
190216s9999||||xx |||||||||||||| ||und||
100
_a
George Watson
245
4
_a
The Study Of Literature
260
_b
Orient Longman
_c
1969
300
_a
237p
650
_a
English Literature
942
_c
BK
999
_c
12926
_d
12926